| 000 | 00811nam a22002777a 4500 | ||
|---|---|---|---|
| 005 | 20170124105926.0 | ||
| 010 | _a157116 | ||
| 020 | _c00 | ||
| 035 | _a157116 | ||
| 037 | _bCen Lib/Ret | ||
| 040 |
_aDPL _bEN |
||
| 082 | _a028.9 | ||
| 100 |
_aFieldhouse, A.E. _96395 |
||
| 245 |
_aHow to conduct a reading survey / _cby A.E. Fieldhouse |
||
| 246 | _b | ||
| 260 |
_bOxford University Press _c1957 _aLondon |
||
| 270 | _bLondon | ||
| 300 |
_avii, 69p. _c21m(Hb) |
||
| 490 | _aStudies in education | ||
| 500 | _a Includes bibliographical references and index | ||
| 650 |
_aPlanning & Survey _96396 |
||
| 650 |
_aMeasurement _94853 |
||
| 650 |
_a योजना एवं सर्वेक्षण _92695 |
||
| 650 |
_a माप _96397 |
||
| 942 |
_2ddc _cEN _h028.9 _mFIE |
||
| 999 |
_c123479 _d123479 |
||